Powiaty grodzkie w Polsce - Statystyki

Ogólne statystyki
  • Ten quiz został rozwiązany 896 razy
  • Średni wynik to 50 z 66
Statystyki odpowiedzi
Województwo Powiat % Poprawnych
Pomorskie Gdańsk
97%
Mazowieckie Warszawa
97%
Małopolskie Kraków
96%
Łódzkie Łódź
96%
Zachodniopomorskie Szczecin
96%
Dolnośląskie Wrocław
96%
Pomorskie Gdynia
95%
Wielkopolskie Poznań
95%
Śląskie Katowice
94%
Lubelskie Lublin
94%
Podlaskie Białystok
93%
Kujawsko-pomorskie Bydgoszcz
93%
Kujawsko-pomorskie Toruń
93%
Opolskie Opole
91%
Lubuskie Zielona Góra
91%
Świętokrzyskie Kielce
89%
Podkarpackie Rzeszów
89%
Warmińsko-mazurskie Olsztyn
88%
Lubuskie Gorzów Wielkopolski
87%
Mazowieckie Radom
87%
Pomorskie Sopot
84%
Śląskie Gliwice
82%
Zachodniopomorskie Koszalin
82%
Śląskie Częstochowa
81%
Śląskie Sosnowiec
80%
Małopolskie Tarnów
79%
Warmińsko-mazurskie Elbląg
78%
Mazowieckie Płock
78%
Podlaskie Suwałki
77%
Śląskie Bielsko-Biała
75%
Dolnośląskie Legnica
75%
Śląskie Zabrze
75%
Śląskie Chorzów
74%
Kujawsko-pomorskie Włocławek
74%
Wielkopolskie Kalisz
73%
Podkarpackie Przemyśl
73%
Dolnośląskie Wałbrzych
73%
Lubelskie Zamość
73%
Pomorskie Słupsk
72%
Dolnośląskie Jelenia Góra
71%
Wielkopolskie Konin
71%
Łódzkie Piotrków-Trybunalski
71%
Śląskie Bytom
70%
Małopolskie Nowy Sącz
70%
Śląskie Tychy
69%
Śląskie Rybnik
68%
Zachodniopomorskie Świnoujście
68%
Lubelskie Chełm
67%
Kujawsko-pomorskie Grudziądz
66%
Podkarpackie Krosno
66%
Podlaskie Łomża
66%
Mazowieckie Siedlce
66%
Śląskie Dąbrowa Górnicza
65%
Lubelskie Biała Podlaska
63%
Śląskie Ruda Śląska
62%
Podkarpackie Tarnobrzeg
62%
Mazowieckie Ostrołęka
61%
Wielkopolskie Leszno
59%
Łódzkie Skierniewice
57%
Śląskie Mysłowice
54%
Śląskie Jastrzębie-Zdrój
53%
Śląskie Jaworzno
53%
Śląskie Siemianowice Śląskie
53%
Śląskie Piekary Śląskie
49%
Śląskie Świętochłowice
48%
Śląskie Żory
46%
Nie znaleziono quizów pasujących do podanych kryteriów
Rozkład punktacji
Procent ludzi z każdym wynikiem
Percentyl według liczby udzielonych odpowiedzi
Twoja historia wyników
Nie rozwiązałeś tego quizu